كيف تتعامل مع الأطفال ؟ الإحتياجات الخاصة الإعاقة العقلية / (Record no. 118816)
[ view plain ]
| 000 -LEADER | |
|---|---|
| fixed length control field | 00620nam a22001817a 4500 |
| 005 - DATE AND TIME OF LATEST TRANSACTION | |
| control field | 20251108174821.0 |
| 008 - FIXED-LENGTH DATA ELEMENTS--GENERAL INFORMATION | |
| fixed length control field | 250721s2008 xx 000 0 ara d |
| 082 14 - DEWEY DECIMAL CLASSIFICATION NUMBER | |
| Classification number | 371.92/عاد |
| 100 1# - MAIN ENTRY--PERSONAL NAME | |
| Personal name | عادل، أيمن محمد |
| 245 10 - TITLE STATEMENT | |
| Title | كيف تتعامل مع الأطفال ؟ الإحتياجات الخاصة الإعاقة العقلية / |
| 264 1# - PRODUCTION, PUBLICATION, DISTRIBUTION, MANUFACTURE, AND COPYRIGHT NOTICE | |
| Place of production, publication, distribution, manufacture | الجيزة : |
| Name of producer, publisher, distributor, manufacturer | مكتبة النافذة، |
| Date of production, publication, distribution, manufacture, or copyright notice | 2008. |
| 300 ## - PHYSICAL DESCRIPTION | |
| Extent | 119ص. |
| 650 17 - SUBJECT ADDED ENTRY--TOPICAL TERM | |
| Topical term or geographic name as entry element | صعوبات التعلم |
| 650 17 - SUBJECT ADDED ENTRY--TOPICAL TERM | |
| Topical term or geographic name as entry element | التخاف العقلي |
| 650 17 - SUBJECT ADDED ENTRY--TOPICAL TERM | |
| Topical term or geographic name as entry element | الطلاب المتخلفون عقليا |
| 942 ## - ADDED ENTRY ELEMENTS (KOHA) | |
| Source of classification or shelving scheme | Dewey Decimal Classification |
| Koha item type | Books |
| حالة السحب | حالة الفقدان | مصدر التصنيف | حالة التلف | غير قابل للإعارة | المكتبة الرئيسية | المكتبة الحالية | موقع الرف | تاريخ التزويد | الرقم المتسلسل | Total Checkouts | رقم الإستدعاء | الباركود | تاريخ آخر ظهور | تاريخ الفاتورة | نوع المادة (كوها) |
|---|---|---|---|---|---|---|---|---|---|---|---|---|---|---|---|
| Withdrawn | Dewey Decimal Classification | المكتبة المركزية | المكتبة المركزية | الإعارة | 28/07/2025 | 1332088 | 371.92/عاد | PLD00119355 | 28/07/2025 | 28/07/2025 | Books | ||||
| Dewey Decimal Classification | المكتبة المركزية | المكتبة المركزية | مقتنيات قسم التزويد | 28/07/2025 | 1332089 | 371.92/عاد | 28/07/2025 | 28/07/2025 | Books | ||||||
| Dewey Decimal Classification | المكتبة المركزية | المكتبة المركزية | مقتنيات قسم التزويد | 28/07/2025 | 1332090 | 371.92/عاد | 28/07/2025 | 28/07/2025 | Books | ||||||
| Dewey Decimal Classification | مكتبة أبو علندا العامة | مكتبة أبو علندا العامة | الإعارة | 16/11/2009 | 1332093 | 371.92/عاد | PLD00120040 | 28/07/2025 | 16/11/2009 | Books | |||||
| Dewey Decimal Classification | مكتبة الأميرة ايمان العامة | مكتبة الأميرة ايمان العامة | الإعارة | 16/11/2009 | 1332094 | 371.92/عاد | PLD00120041 | 28/07/2025 | 16/11/2009 | Books | |||||
| Dewey Decimal Classification | مكتبة ومركز فرح | مكتبة ومركز فرح | الإعارة | 16/11/2009 | 1332097 | 371.92/عاد | PLD00120044 | 28/07/2025 | 16/11/2009 | Books |